Toledo Football: Top 10 All-Time Leaders - Statistics

General Stats
  • This quiz has been taken 6 times
  • The average score is 13 of 56
Answer Stats
Category # Player Amount % Correct
Rushing Yards 1 Kareem Hunt 4,945
100%
Rushing Yards 2 Chester Taylor 4,849
40%
Receiving Yards 10 Corey Jones 2,236
40%
Interceptions 4 Curtis Johnson 14
40%
Passing Yards 5 Dequan Finn 7,070
40%
Receiving Yards 5 Jerjuan Newton 2,927
40%
Receiving Yards 9 Jon'Vea Johnson 2,265
40%
Rushing Yards 3 Wasean Tait 4,338
40%
Tackles 1 Aaron Bivins 508
20%
Passing Yards 7 Aaron Opelt 6,804
20%
Receiving Yards 4 Alonzo Russell 3,076
20%
Tackles 8 Archie Donald 412
20%
Receiving Yards 7 Bernard Reedy 2,743
20%
Sacks 1 Bob Beemer 31.0
20%
Interceptions 3 Brandon Hefflin 16
20%
Passing Yards 2 Bruce Gradkowski 9,225
20%
Rushing Yards 4 Bryant Koback 4,026
20%
Rushing Yards 9 Casey McBeth 2,719
20%
Passing Yards 9 Chris Wallace 5,454
20%
Tackles 7 Clayton Moore 414
20%
Receiving Yards 2 Cody Thompson 3,312
20%
Rushing Yards 10 DaJuane Collins 2,588
20%
Tackles 6 Dan Molls 422
20%
Sacks 2 Dan Williams 28.0
20%
Rushing Yards 7 David Fluellen 3,336
20%
Sacks T3 DeJuan Goulde 25.0
20%
Interceptions T5 Dexter Clark 13
20%
Tackles 5 Doug Williams 427
20%
Receiving Yards 1 Eric Page 3,446
20%
Sacks T10 Frank Ofili 15.0
20%
Interceptions 1 Gary Hinkson 18
20%
Passing Yards 4 Gene Swick 7,266
20%
Tackles T3 Jack Laraway 459
20%
Rushing Yards 8 Jalen Parmele 3,119
20%
Sacks 5 Jamal Hines 23.0
20%
Sacks T7 Jayrone Elliott 16.0
20%
Tackles 2 Joe Conroy 490
20%
Passing Yards 8 Kevin Meger 6,023
20%
Sacks T3 Kevin Rollins 25.0
20%
Receiving Yards 6 Lance Moore 2,776
20%
Passing Yards 1 Logan Woodside 10,514
20%
Sacks T10 Marcus Amick 15.0
20%
Sacks T7 Marcus Matthews 16.0
20%
Tackles 9 Marin Russell 408
20%
Interceptions 2 Mark Brandon 17
20%
Sacks T7 Maurice Bulls 16.0
20%
Sacks 6 Mike Alston 21.5
20%
Passing Yards 6 Ryan Huzjak 6,926
20%
Receiving Yards 3 Stephen Williams 3,102
20%
Receiving Yards 8 Steve Odom 2,631
20%
Passing Yards 10 Tavares Bolden 5,417
20%
Passing Yards 3 Terrance Owens 8,203
20%
Rushing Yards 5 Terry Swanson 3,601
20%
Interceptions T5 Thomas Duncan 13
20%
Tackles T3 Tim Inglis 459
20%
Rushing Yards 6 Trinity Dawson 3,474
20%
No matching quizzes found
Score Distribution
Percent of People with Each Score
Percentile by Number Answered
Your Score History
You have not taken this quiz